Literal Celebrities' Names IV Quiz Stats

 Plays Quiz Updated Nov 18, 2014

Challenge
Share
Tweet
Embed
Score 0/20 Timer 04:00
3 Plays Today
% Correct
Charles Goodyear
90.1%
H.P. Lovecraft
85.7%
Frank Zappa
85.3%
James Marsden
84.7%
Paula Poundstone
84.4%
Dusty Springfield
83.4%
Millard Fillmore
83.4%
John Goodman
80.1%
Hugh Jackman
80%
Mary Pickford
79%
% Correct
Sylvester Stallone
77.3%
Dionne Warwick
76.4%
Tim Robbins
73.5%
Aubrey O'Day
69.1%
Pearl Aday
66.8%
Antonio Banderas
54.5%
Roy Halladay
52.4%
Brendon Gleeson
51.5%
Greg Kinnear
49.8%
Tyra Banks
34.5%

You're not logged in!

Compare scores with friends on all Sporcle quizzes.
OR
Log In

You Might Also Like...

Show Comments

Extras

Top Quizzes Today


Score Distribution

Your Account Isn't Verified!

In order to create a playlist on Sporcle, you need to verify the email address you used during registration. Go to your Sporcle Settings to finish the process.

Report this User

Report this user for behavior that violates our Community Guidelines.

Details: